| 000 | 00885nam a22002417a 4500 | ||
|---|---|---|---|
| 999 |
_c13361 _d13361 |
||
| 003 | AR-CdUCM | ||
| 008 | 190415b ||||| |||| 00| 0 spa d | ||
| 040 |
_aMUNICIPALIDAD PROVINCIAL DEL CUSCO _cBIBLIOTECA MUNICIPAL DEL CUSCO |
||
| 041 | _heng | ||
| 082 |
_a504 / _bC91 |
||
| 100 |
_aCrouse, William H. _931741 |
||
| 245 | _aLa ciencia de ayer, de hoy y del mañana / | ||
| 260 |
_aBarcelona : _bRamón Sopena, _c1959. |
||
| 300 |
_a158 páginas ; _bilustraciones, _c21 cm. |
||
| 505 | _aContenido: Transistores -- Las ondas de la radio -- Emisión y recepción radiofónica -- La luz -- Cómo vemos la luz -- El cine ... | ||
| 650 |
_aCiencia _92098 |
||
| 650 |
_aHistoria _9136 |
||
| 650 |
_aComunicación _94985 |
||
| 700 |
_aBiosca, Francisco M. (traducción) _922354 |
||
| 700 |
_aBendick, Jeanne (ilustración) _931742 |
||
| 942 |
_2ddc _cLIBROS |
||
| 945 |
_aachl _d2019-04-15 |
||